| 000 | 01529nam0a22003011 4500 | ||
|---|---|---|---|
| 001 | rc\3478744 | ||
| 005 | 20260406082654.0 | ||
| 021 |
_aRU _b[73-48380] |
||
| 035 | _a(NLR Aleph) 007643664 | ||
| 090 |
_a6153095 _c6153095 |
||
| 100 | _a20130115d1972 |||y0rusy50 ca | ||
| 101 | 0 | _arus | |
| 102 | _aRU | ||
| 105 | _aa z ||||| | ||
| 200 | 1 |
_aНекоторые вопросы математической теории управляемых процессов _eСборник статей _f[Отв. ред. чл.-кор. АН СССР С.В. Емельянов _gИн-т проблем управления. Моск. ин-т стали и сплавов |
|
| 210 |
_aМосква _cБ. и. _d1972] |
||
| 215 |
_a140 с. _cчерт. _d27 |
||
| 320 | _aСписки лит. в конце статей | ||
| 606 |
_aМеталлургические процессы _xМатематическое моделирование _jСборники _2psbo |
||
| 606 |
_aАвтоматическое управление _xМатематические исследования _jСборники _2psbo |
||
| 702 | 1 |
_4340 _7ca _8rus _aЕмельянов _bС. В. _cд-р техн. наук _f1929-2018 _gСтанислав Васильевич _931178 _3RU\NLR\AUTH\7748243 |
|
| 712 | 0 | 2 | _aИнститут проблем управления (автоматики и телемеханики) (Москва) |
| 801 | 0 |
_aRU _bNLR _gpsbo |
|
| 801 | 1 |
_aRU _bELAR _2rusmarc |
|
| 852 |
_aNLR _j73-7/664 |
||
| 942 | _cBOOK | ||
| 980 | _aNB | ||